000 01425nam0a2200349 4500
001 RU\NLR\BIBL_A\021995735
005 20230904115211.0
010 _a978-5-00125-811-7
_9500
021 _aRU
_bКН-П-23-043032
_9КН-П-23-4300
035 _a(NLR Aleph) 021995735
035 _a(RuMoRGB)011904071
090 _a12440200
_c12440200
100 _a20230803d2023 u y0rusy50 ca
101 1 _arus
_ceng
102 _aRU
105 _ac z 000zy
181 0 _ai3
_baxxe
182 1 _an
200 1 _aВойна окончена
_eБог не зол на вас - перестаньте жить под гнетом греха и осуждения!
_fЭндрю Уоммак
_gперевод с английского: Ю. Хрусталева
203 _aТекст
_bвизуальный
_cнепосредственный
210 _aСанкт-Петербург
_c[б. и.]
_d2023
215 _a228 с.
_cпортр.
_d21
606 _aБогословие протестантское нравственное
_92495890
_3RU\NLR\AUTH\6601696445
606 1 _aПятидесятники
_92054506
_3RU\NLR\AUTH\66948057
675 _a279.123
_v4
686 2 _aЭ376.26-43
700 1 _7ca
_8rus
_aУоммак
_bЭ.
_f1949-
_gЭндрю
_9203998
_3RU\NLR\AUTH\770204049
942 _cBOOK
980 _aNB